000 00331 a2200145 4500
001 169647
020 _a
040 _cMagnum
100 _a-
240 1 0 _aPreguntas-respuestas para ninos: el zoo
_lESP
245 1 0 _aPreguntas-respuestas para ninos: el zoo
362 0 _a1899
697 _aLITERATURA ESTRANGEIRA
942 _cBK
999 _c169647
_d169647